UBT Library

GUIDE TO QUALITY CONTROL (Record no. 14341)

000 -LEADER
fixed length control field 00288nam a22001337a 4500
008 - FIXED-LENGTH DATA ELEMENTS--GENERAL INFORMATION
fixed length control field 170526b xxu||||| |||| 00| 0 eng d
020 ## - INTERNATIONAL STANDARD BOOK NUMBER
International Standard Book Number 9283310357
041 ## - LANGUAGE CODE
Language code of text/sound track or separate title eng
080 ## - UNIVERSAL DECIMAL CLASSIFICATION NUMBER
Universal Decimal Classification number 62
100 ## - Rafti
Rafti 25
101 ## - Shkurtesa
Shkurtesa IM
245 ## - TITLE STATEMENT
Title GUIDE TO QUALITY CONTROL
Statement of responsibility, etc ISIKAWA,K
942 ## - ADDED ENTRY ELEMENTS (KOHA)
Source of classification or shelving scheme
Item type Books
Holdings
Withdrawn status Lost status Source of classification or shelving scheme Damaged status Not for loan Collection code Permanent location Current location Shelving location Date acquired Total Checkouts Full call number Barcode Date last seen Price effective from Koha item type
          Koleksioni i përgjithshem UBT - Lipjan UBT - Lipjan Koleksioni i përgjithshem 05/26/2017   62 ISI 002-285919 05/26/2017 05/26/2017 Books
UBT Library © 2015-2024. All rights reserved University Education for Business and Technology